000
00228nam a2200097Ia 4500
001
918458
005
20250826185933.0
008
250824s9999 xx 000 0 und d
245
0
_a
GORIOT BABA
_c
BALZAC
260
_b
ANONİM YAYINLARI
999
_c
918458
_d
918458